000 00528nam a2200169 i 4500
001 75655
003 ES-MaACL
005 20230906172533.0
007 t|
008 040927m19101912fr ||||1| fre d
100 1 _aGrasset, Joseph (
_d1849-1918)
_9152573
245 1 0 _aTraité élémentaire de physiopathologie clinique /
_cpar le [J.] Grasset.
260 _aMontpellier :
_bCoulet et Fils,
_c1910-1912 (
_fSevre et Roumegous)
300 _aT. :
_bil. ;
_c25 cm.
500 _aSon los t. 1 y 3.
852 _aES-MaACL
_jC-7158-59
999 _c75655
_d75655